Представление документа в формате MARC21

Поле Инд. ПП Название Значение
Тип записи a
Библиографический уровень m
001 Контрольный номер RU/IS/BASE/264536140
005 Дата корректировки 20260219123307.5
008 Кодируемые данные 19960328
040 00 e Правила каталог. Л 960328
b Код языка каталог. rus
041 0_ a Код языка текста ger
084 a Индекс другой классификации/Индекс ББК 24я721; 24.11я721; 24.117я721; 24.121я721
090 00 a Полочн. индекс 24я721
x Авторский знак C 51
097 00 a 230
245 00 a Заглавие Chemie fur Gymnasien
b Продолж. заглавия Landerausgabe BW Tailband 1 (Klasse 9)
246 01 a Другая форма заглавия Химия
260 00 a Место издания Berlin
b Издательство Comelsen Verlag
c Дата издания 1994
300 00 a Объем 192 p.
b Иллюстрации/ тип воспроизводства il.
336 a Термин вида содержания Текст
337 a Термин типа средства непосредственный
650 04 a Основная рубрика химия
653 00 a Ключевые слова вещество
a Ключевые слова вода
a Ключевые слова водород
a Ключевые слова воздух
a Ключевые слова воспламенение
a Ключевые слова высокомолекулярные соединения
a Ключевые слова газообразные продукты
a Ключевые слова загрязнение
a Ключевые слова кислород
a Ключевые слова металлы
a Ключевые слова неметаллы
a Ключевые слова оксиды
a Ключевые слова продукт
a Ключевые слова разложения
a Ключевые слова реакции
a Ключевые слова соединения
a Ключевые слова тушение
a Ключевые слова химические разложения
a Ключевые слова хлористые соединения
655 00 a Жанр/ форма (устаревшее) учебное пособие
901 t Тип документа m
952 a Тип литературы для КСУ ВШ УИ